Text Book of Pharmacotherapeutics (Record no. 13076)

MARC details
000 -LEADER
fixed length control field 00484nam a22001937a 4500
003 - CONTROL NUMBER IDENTIFIER
control field OSt
008 - FIXED-LENGTH DATA ELEMENTS--GENERAL INFORMATION
fixed length control field 250204b |||||||| |||| 00| 0 eng d
020 ## - INTERNATIONAL STANDARD BOOK NUMBER
International Standard Book Number 9789354517396
082 ## - DEWEY DECIMAL CLASSIFICATION NUMBER
Classification number 615.58 BAT
100 ## - MAIN ENTRY--PERSONAL NAME
Personal name Bakliwal, Sunil.R
245 ## - TITLE STATEMENT
Title Text Book of Pharmacotherapeutics
250 ## - EDITION STATEMENT
Edition statement 5th
260 ## - PUBLICATION, DISTRIBUTION, ETC. (IMPRINT)
Place of publication, distribution, etc N.Delhi
Name of publisher, distributor, etc Nirali Pub.
Date of publication, distribution, etc 2025
300 ## - PHYSICAL DESCRIPTION
Extent 14.14
650 ## - SUBJECT ADDED ENTRY--TOPICAL TERM
Topical term or geographic name as entry element Pharmacotherapeutics
700 ## - ADDED ENTRY--PERSONAL NAME
Personal name Kasliwal, Anoop.M
700 ## - ADDED ENTRY--PERSONAL NAME
Personal name Polshettiwar, Satish.A
942 ## - ADDED ENTRY ELEMENTS (KOHA)
Source of classification or shelving scheme Dewey Decimal Classification
Koha item type Text Books
Holdings
Withdrawn status Lost status Source of classification or shelving scheme Damaged status Not for loan Collection code Home library Current library Date acquired Source of acquisition Currency Cost, normal purchase price Bill Number Total Checkouts Full call number Acc. no. / Barcode Date last seen Date last borrowed Actual Cost, discounted price Bill Date Koha item type
    Dewey Decimal Classification     Diploma in Pharmacy PIET C-LIBRARY PIET C-LIBRARY 24/01/2025 Zafaa Books Distributres In Rupees 365.00 ZBDO450 1 615.58 BAT DP1394 09/06/2025 06/06/2025 273.75 22/01/2025 Text Books
    Dewey Decimal Classification     Diploma in Pharmacy PIET C-LIBRARY PIET C-LIBRARY 24/01/2025 Zafaa Books Distributres In Rupees 365.00 ZBDO450 1 615.58 BAT DP1395 09/06/2025 06/06/2025 273.75 22/01/2025 Text Books

Design & Developed by: PIET Central Library
R70 Miles Stone Pattikalyana Samalkha Panipat 132102
mail ID :- [email protected], Phone No:- 0180-2569700 Ex.216